| 000 | 00493nam a22001817a 4500 | ||
|---|---|---|---|
| 005 | 20260417132909.0 | ||
| 008 | 260417b |||||||| |||| 00| 0 eng d | ||
| 020 |
_a9781107645479 _c1495.00 |
||
| 040 | _aMAIN | ||
| 041 | _aEnglish | ||
| 082 |
_a822.309 _bSAN |
||
| 100 |
_aSanders, Julie _926645 |
||
| 245 | _aCambridge introduction to Early Modern Drama 1576-1642 | ||
| 260 |
_aUnited Kingdom _bCambridge University Press _c2014 |
||
| 300 | _a261 | ||
| 650 |
_aEnglish _99 |
||
| 942 | _cBK | ||
| 999 |
_c60641 _d60641 |
||